The Minnesota connection. (Record no. 12738)

000 -LEADER
fixed length control field 00573nam a2200193 a 4500
001 - CONTROL NUMBER
control field :::00010552$&:&@@
003 - CONTROL NUMBER IDENTIFIER
control field OkBaRHE
005 - DATE AND TIME OF LATEST TRANSACTION
control field 20000607103400.0
008 - FIXED-LENGTH DATA ELEMENTS--GENERAL INFORMATION
fixed length control field s1978 j 000 0 eng u
040 ## - CATALOGING SOURCE
Transcribing agency
100 1# - MAIN ENTRY--PERSONAL NAME
Personal name Palmquist, Al and Stone, John.
245 14 - TITLE STATEMENT
Title The Minnesota connection.
260 ## - PUBLICATION, DISTRIBUTION, ETC. (IMPRINT)
Place of publication, distribution, etc Van Nuys, CA., :
Name of publisher, distributor, etc Bible Voice Books
Date of publication, distribution, etc c1978
300 ## - PHYSICAL DESCRIPTION
Extent 144 p. ;
Dimensions 18 cm.
650 ## - SUBJECT ADDED ENTRY--TOPICAL TERM
Topical term or geographic name as entry element Christian Life
700 ## - ADDED ENTRY--PERSONAL NAME
Personal name Stone, John.
942 ## - ADDED ENTRY ELEMENTS (KOHA)
Source of classification or shelving scheme
Koha item type Books
Copies
Price effective from Full call number Date acquired Damaged status Barcode Not for loan Koha item type Copy number Withdrawn status Permanent Location Date last seen Shelving location Source of classification or shelving scheme Lost status
2010-04-14BV 4501 .P32010-04-14 10552 Books1 RHEMA Bible Training College2010-04-14General Stacks